00456nam a22001217a 4500003000900000008004100009040007100050082001800121100002500139245007100164260007700235300002200312AR-CdUCM190416b ||||| |||| 00| 0 spa d aMUNICIPALIDAD PROVINCIAL DEL CUSCOcBIBLIOTECA MUNICIPAL DEL CUSCO a869.56 /bP59 aPinto Gamboa, Willy  aEnvés y Reflexión de lo Huachafo :bJorge Miota: Vida y Obra / aLima :bImprenta de la Universidad Nacional Mayor de San Marcos ;c1978. a133 al 202 c21cm